| 000 | 00850cam a2200241 a 4500 | ||
|---|---|---|---|
| 001 | s 47000083 | ||
| 003 | DLC | ||
| 005 | 20260227111912.0 | ||
| 008 | 821110s1947 sw b 000 0 eng | ||
| 010 | _as 47000083 | ||
| 040 |
_aDLC _cDLC _dDLC |
||
| 050 | 0 | 0 |
_aGN2 _b.G6 vol. 14 _aPM3743 |
| 082 | 0 | 0 |
_a306 s _a498/.2 _219 |
| 100 | 1 |
_aHolmer, Nils Magnus, _d1904- |
|
| 245 | 1 | 0 |
_aCritical and comparative grammar of the Cuna language / _cby Nils M. Holmer. |
| 260 |
_aGöteborg : _b[Etnografiska Museet], _c1947. |
||
| 300 |
_a219 p. ; _c25 cm. |
||
| 440 | 0 |
_aEtnologiska studier ; _vv. 14 |
|
| 500 | _a"The nucleus on which I base ... this grammar consists of the private notes of Dr. Izikowitz"--5th prelim. leaf. | ||
| 504 | _aBibliography: p. [218]-219. | ||
| 650 | 0 |
_aCuna language _xGrammar. |
|
| 700 | 1 |
_aIzikowitz, Karl Gustav, _d1903-1984. |
|
| 999 |
_c52784 _d52784 |
||